00493 2200193 4500245005800000020001800058250001100076100002300087700002000110700002100130650001700151005001900168260003100187041001400218084001300232300003400245336000900279338001100288 aC-Blossom - Case 729 Vol. 1cShimotsuki, KayokohText a9789792341065 aCet. 1 aShimotsuki, Kayoko aIne Martiana K. aFrisian Yuniardi aKomik Jepang a20230203140757 aJakartabPT Gramediac2010 aIndonesia a741.5592 a... jil. :bilus. ;c17,5 cm. atext avolume